00774nam a2200217 i 450000100060000000300090000600500170001500700030003200800410003508000120007610000410008824501030012925000120023226000600024430000220030465000290032670000290035585200330038499900170041795201220043477956ES-MaACL20250803063053.0t|041116s1923 fr ||||1| fre d a141.3321 aBlavatsky, H. P.,d1831-1891914837213aLa clef de la théosophie / cpar H. P. Blavatsky ; traduit de l'Anglais par Mme H. de Neufville. a3 éd. aParis : bEdition de la Famille Théosophique, c1923. a410 p. ; c19 cm. 7aTeosofía2embne9174781 aNeufville, H. de.985435 aES-MaACLjE-10406 bR.133707 c77956d77956 00104070aATENEOMbATENEOMcDEPO2d2008-01-17eSCl0oE-10406p1081553r2023-02-23 00:00:00w2023-02-23yMONOGRAFIA